000 00404nam a22001697a 4500
005 20180227164514.0
008 160624b xxu||||| |||| 00| 0 eng d
020 _a81-8318-140-6
041 _aeng
082 _b9497
_a331
100 _aMamoria, Mamoria and Gankar
_92191
245 _aDynamics Industrial Relations
260 _bHPH
_c2007
300 _a793
650 _aManagement
_9241
942 _cBK
999 _c3763
_d3762